书目信息 |
| 题名: |
军事与教育
|
|
| 作者: | 汪庆荣 , 于川信 编著 | |
| 分册: | ||
| 出版信息: | 北京 中国计划出版社 |
|
| 页数: | 131页 | |
| 开本: | 32开 | |
| 丛书名: | ||
| 单 册: | ||
| 中图分类: | E0-055 | |
| 科图分类: | ||
| 主题词: | 军事理论 | |
| 电子资源: | ||
| ISBN: | 7-80058-855-6 | |
| 000 | 00579nam0 2200205 45 | |
| 001 | 0102140862 | |
| 005 | 20010214150916.5 | |
| 010 | @a7-80058-855-6@d6.50元 | |
| 100 | @a20010214d km y0chiy0120 ea | |
| 101 | 0 | @achi |
| 105 | @a z 000yy | |
| 200 | 1 | @a军事与教育@AJun Shi Yu Jiao Yu@f汪庆荣,于川信编著@FWang Qing Rong,Yu Chuan Xin Bian Zhu |
| 210 | @a北京@c中国计划出版社 | |
| 215 | @a131页@d32开 | |
| 606 | 0 | @a军事理论 |
| 690 | @aE0-055@v3 | |
| 701 | 0 | @a汪庆荣@4编著 |
| 701 | 0 | @a于川信@4编著 |
| 801 | @aCN@bPftUser@c20010214 | |
| 905 | @b321622-626@dE0-055@eW740@f5 | |
| 军事与教育/汪庆荣,于川信编著.-北京:中国计划出版社 |
| 131页;32开 |
| ISBN 7-80058-855-6:6.50元 |
| ● |
| 相关链接 |
|
|
|
正题名:军事与教育
索取号:E0-055/W740
 
预约/预借
| 序号 | 登录号 | 条形码 | 馆藏地/架位号 | 状态 | 备注 |
| 1 | 321622 | 203216224 | 社科库509/509社科库 113排1列2层/ [索取号:E0-055/W740] | 在馆 | |
| 2 | 321623 | 203216233 | 社科库509/509社科库 113排1列2层/ [索取号:E0-055/W740] | 在馆 | |
| 3 | 321624 | 203216242 | 社科库509/509社科库 113排1列2层/ [索取号:E0-055/W740] | 在馆 | |
| 4 | 321625 | 203216251 | 社科库509/509社科库 113排1列2层/ [索取号:E0-055/W740] | 在馆 | |
| 5 | 321626 | 203216260 | 社科库509/509社科库 113排1列2层/ [索取号:E0-055/W740] | 在馆 |